La mattina dopo

Gespeichert in:
Bibliographische Detailangaben
1. Verfasser: Gayle, Mike
Weitere Verfasser: Balducci, Giulia (traduzione di)
Format: Buch
Sprache:Englisch
Veröffentlicht: Milano Mondolibri 2005
Tags: Tag hinzufügen
Keine Tags, Fügen Sie das erste Tag hinzu!

MARC

LEADER 00000nam a2200000 4500
005 20231208211939.0
008 231208b |||||||| |||| 00| 0 eng d
040 |c C 
100 |a Gayle, Mike 
245 |a La mattina dopo 
260 |a Milano  |b Mondolibri  |c 2005 
700 |a Balducci, Giulia   |c (traduzione di) 
942 |2 ddc  |c BK  |n 0 
952 |0 0  |1 0  |2 ddc  |4 0  |6 823_000000000000000_MAT_GAY  |7 1  |9 380  |a GE  |b GE  |d 2023-11-21  |l 0  |o 823 MAT GAY  |p 4221  |r 2023-12-08 21:20:22  |w 2023-12-08  |y BK 
999 |c 280  |d 280